| 000 | 00871nam a2200265 a 4500 | ||
|---|---|---|---|
| 001 | BRL_1884 | ||
| 005 | 20190320211421.0 | ||
| 008 | 120815s1963----mx-abo####---#000-0#spa-# | ||
| 041 | _aspa | ||
| 044 | _amx | ||
| 050 | 4 |
_aGT625 _b.D78 1963 |
|
| 100 | 1 |
_aDrucker, Susana _928139 |
|
| 245 | 1 | 0 |
_aCambio de indumentaria _bla estructura social y el abandono de la vestimenta indígena en la Villa de Santiago Jamiltepec _cSusana Drucker. |
| 260 |
_aMéxico _bInstituto Nacional Indigenista _c1963 |
||
| 300 |
_a143 p. _bil. _c21 cm. |
||
| 440 | 0 |
_aColección de Antropología Social _928140 |
|
| 500 | _aAu2043 | ||
| 500 | _aIncluye índice | ||
| 504 | _aBibliografía: p. 134-136 | ||
| 650 | 1 | 4 |
_aIndumentaria _zJamiltepec (Oaxaca) _928141 |
| 650 | 1 | 4 |
_aTraje _zOaxaca _928142 |
| 650 | 1 | 4 |
_aIndígenas de México _xIndumentaria _92447 |
| 902 | _aGRL | ||
| 942 |
_2lcc _cB |
||
| 999 |
_c10692 _d10692 |
||